[Event "5th Oakham Young Masters"]
[Site "Oakham ENG"]
[Date "1992.03.27"]
[Round "4"]
[White "Degraeve, Jean-Marc"]
[Black "Hall, Jesper"]
[Result "1-0"]
[WhiteElo "2470"]
[BlackElo "2370"]
[EventDate "1992.03.24"]
[PlyCount "85"]
[Source "John Saunders"]

1.e4 c5 2.Nf3 a6 3.c3 e6 4.d4 d5 5.e5 Bd7 6.Bd3 Bb5 7.Bxb5+ axb5 8.dxc5 
Bxc5 9.b4 Bb6 10.Na3 Ne7 11.Nxb5 O-O 12.O-O Ng6 13.Qe2 Nc6 14.Re1 Qd7 15.
a4 Rae8 16.Be3 Bxe3 17.Qxe3 f6 18.exf6 Rxf6 19.Rad1 Ref8 20.Ng5 Nce5 21.
Ne4 Rf4 22.Nc5 Qe7 23.Re2 Rg4 24.Nd4 Rf6 25.f3 Rgf4 26.a5 Qf7 27.Kh1 Nc4 
28.Qd3 Nge5 29.Qc2 Ng4 30.Ncxe6 Nce3 31.Qd2 Nxd1 32.Qxd1 Re4 33.Ng5 Qh5 
34.Nh3 Rxe2 35.fxg4 Rd2 36.Qxd2 Rf1+ 37.Ng1 Qxg4 38.Nf3 Qe4 39.h3 h6 40.
Kh2 Kf7 41.Qd4 g5 42.Qb6 Qf4+ 43.Kh1 1-0

[Event "5th Oakham Young Masters"]
[Site "Oakham ENG"]
[Date "1992.03.27"]
[Round "4"]
[White "Moutousis, Konstantinos"]
[Black "Nielsen, Peter Heine"]
[Result "1-0"]
[WhiteElo "2405"]
[BlackElo "2420"]
[EventDate "1992.03.24"]
[PlyCount "41"]
[Source "John Saunders"]

1.d4 Nf6 2.Nf3 g6 3.Bf4 Bg7 4.e3 O-O 5.h3 c5 6.c3 Qb6 7.Qb3 d6 8.Nbd2 Be6 
9.dxc5 dxc5 10.Qa3 Rc8 11.Rd1 h6 12.Be2 Nc6 13.Nc4 Bxc4 14.Bxc4 Rd8 15.O-O
Na5 16.Be2 Nc6 17.Nd2 Nd5 18.Bg3 Qa5 19.Qb3 Nb6 20.Bc7 Re8 21.Bb5 {Source:
bulletin (n.b. Mega 2022 records this as a draw but the published 
crosstable shows it was a win for White)} 1-0

[Event "5th Oakham Young Masters"]
[Site "Oakham ENG"]
[Date "1992.03.27"]
[Round "4"]
[White "Gokhale, Jayant Suresh"]
[Black "Mueller, Karsten"]
[Result "0-1"]
[WhiteElo "2325"]
[BlackElo "2460"]
[EventDate "1992.03.24"]
[PlyCount "128"]
[Source "John Saunders"]

1.d4 d5 2.c4 dxc4 3.Nf3 a6 4.a4 Nf6 5.e3 e6 6.Bxc4 c5 7.O-O Nc6 8.Nc3 cxd4
9.exd4 Be7 10.Re1 O-O 11.Bg5 Bd7 12.Qe2 Nb4 13.Rad1 Bc6 14.Ne5 Bd5 15.Nxd5
Nfxd5 16.Bxe7 Qxe7 17.g3 Rac8 18.Bb3 Rc7 19.Qd2 Rd8 20.h4 Nc6 21.Nf3 Qb4 
22.Qxb4 Ncxb4 23.Rc1 Rdc8 24.Rxc7 Rxc7 25.Ne5 Kf8 26.Kf1 Ne7 27.Rd1 Nec6 
28.Nxc6 Rxc6 29.Ke2 Ke7 30.Kd2 Kd6 31.Re1 Rb6 32.Rd1 Nd5 33.Kc2 Rb4 34.Rd3
a5 35.Rf3 f6 36.Rd3 Nc7 37.Rd1 h6 38.h5 Nd5 39.Rd2 Nc7 40.Rd1 f5 41.f3 Nd5
42.Rd3 Rb6 43.Kd2 Nf6 44.Re3 Kd7 45.g4 fxg4 46.fxg4 Nxg4 47.Rg3 Kd6 48.Kc2
Nf6 49.Rxg7 Nxh5 50.Rg6 Nf4 51.Rxh6 Rb4 52.d5 Nxd5 53.Bxd5 Kxd5 54.b3 e5 
55.Kc3 b6 56.Rh8 Ke4 57.Rh3 Kf4 58.Kd2 e4 59.Ke2 Ke5 60.Rg3 Rd4 61.Rh3 Rd6
62.Rh5+ Kd4 63.Rb5 Kc3 64.Kf2 Kd2 0-1

[Event "5th Oakham Young Masters"]
[Site "Oakham ENG"]
[Date "1992.03.27"]
[Round "4"]
[White "Hauchard, Arnaud"]
[Black "Har-Zvi, Ronen"]
[Result "1-0"]
[WhiteElo "2420"]
[BlackElo "2350"]
[EventDate "1992.03.24"]
[PlyCount "95"]
[Source "John Saunders"]

1.d4 Nf6 2.Nf3 g6 3.g3 Bg7 4.Bg2 O-O 5.O-O d6 6.c4 Nbd7 7.Qc2 e5 8.Rd1 Re8
9.e3 exd4 10.Nxd4 Qe7 11.Nc3 c6 12.b3 a5 13.Ba3 Nc5 14.Re1 h5 15.h3 Bd7 
16.Rad1 Rad8 17.Bc1 Bc8 18.e4 Nh7 19.Be3 Bf6 20.f4 Bg7 21.Bf2 Qc7 22.a3 
Nf6 23.b4 axb4 24.axb4 Ne6 25.Na4 Nd7 26.Nxe6 Rxe6 27.c5 h4 28.g4 dxc5 29.
Nxc5 Nxc5 30.Rxd8+ Qxd8 31.bxc5 Bd4 32.Rd1 Bxf2+ 33.Kxf2 Qa5 34.Qc4 Re8 
35.f5 gxf5 36.gxf5 Qa3 37.Qd4 Kh7 38.Rd3 Qc1 39.Qe3 Qxe3+ 40.Rxe3 Rd8 41.
Kf3 Kg7 42.Kf4 Kf6 43.Bf3 Rd4 44.Bg4 Ke7 45.Ra3 Bd7 46.Ke5 Rc4 47.f6+ Kd8 
48.Rd3 1-0

[Event "5th Oakham Young Masters"]
[Site "Oakham ENG"]
[Date "1992.03.27"]
[Round "4"]
[White "Jirovsky, Milos"]
[Black "Collinson, Adam"]
[Result "1/2-1/2"]
[WhiteElo "2425"]
[BlackElo "2335"]
[EventDate "1992.03.24"]
[PlyCount "67"]
[Source "John Saunders"]

1.c4 g6 2.g3 Bg7 3.Bg2 d6 4.Nc3 e5 5.Nf3 f5 6.O-O Nf6 7.d4 e4 8.Ng5 O-O 9.
f3 exf3 10.exf3 h6 11.Nh3 Re8 12.Re1 Nc6 13.Be3 Nh5 14.d5 Ne5 15.Bf1 g5 
16.f4 Ng4 17.Bd2 Bd4+ 18.Kg2 gxf4 19.Nxf4 Nxf4+ 20.Bxf4 Ne3+ 21.Bxe3 Bxe3 
22.Qh5 Qe7 23.Nd1 f4 24.Qg6+ Kh8 25.Qxh6+ Kg8 26.Qg6+ Kh8 27.Nxe3 fxe3 28.
Bd3 Qd7 29.Bf5 Qe7 30.Qh6+ Kg8 31.Rxe3 Qxe3 32.Bh7+ Kh8 33.Qf6+ Kxh7 34.
Qf7+ 1/2-1/2

[Event "5th Oakham Young Masters"]
[Site "Oakham ENG"]
[Date "1992.03.27"]
[Round "4"]
[White "Livshits, Ron"]
[Black "Polak, Tomas"]
[Result "0-1"]
[WhiteElo "2310"]
[BlackElo "2410"]
[EventDate "1992.03.24"]
[PlyCount "138"]
[Source "John Saunders"]

1.d4 d5 2.c4 e6 3.Nc3 Nf6 4.Bg5 Be7 5.e3 h6 6.Bh4 O-O 7.Rc1 b6 8.cxd5 Nxd5
9.Bxe7 Qxe7 10.Nxd5 exd5 11.Nf3 Be6 12.Bd3 c5 13.dxc5 bxc5 14.O-O Nd7 15.
e4 d4 16.b3 a5 17.Qc2 a4 18.bxa4 Rfc8 19.Bb5 Nb6 20.h3 Bd7 21.Qb3 Nxa4 22.
Nxd4 Rcb8 23.Qd5 cxd4 24.Qxd7 Qxd7 25.Bxd7 Nc3 26.Rc2 Rxa2 27.Rxa2 Nxa2 
28.Rd1 Nc3 29.Rd2 Rb1+ 30.Kh2 Rb4 31.Bc6 Kf8 32.Kg3 Ke7 33.e5 Ke6 34.f4 
Rc4 35.Bf3 g5 36.fxg5 hxg5 37.Kg4 Kxe5 38.Kxg5 Rc8 39.Kh6 Rg8 40.g4 Rh8+ 
41.Kg7 Rxh3 42.Bg2 Rg3 43.Kxf7 Rxg4 44.Ke7 Rg7+ 45.Kd8 Ne4 46.Re2 Kd6 47.
Kc8 Nc5 48.Kb8 Rf7 49.Rd2 Rf4 50.Ka7 d3 51.Ra2 Rc4 52.Bf3 Kc7 53.Bd1 Rc1 
54.Bf3 d2 55.Ra3 Rf1 56.Be2 Re1 57.Bf3 Rb1 58.Ra2 Rb3 59.Bd1 Rb7+ 60.Ka8 
Rb8+ 61.Ka7 Rb1 62.Bf3 d1=Q 63.Bxd1 Rxd1 64.Ra5 Rc1 65.Ka8 Rc2 66.Ra7+ Kc8
67.Ra5 Rc3 68.Ka7 Kc7 69.Ka8 Kb6 0-1

[Event "5th Oakham Young Masters"]
[Site "Oakham ENG"]
[Date "1992.03.27"]
[Round "4"]
[White "Hassabis, Demis"]
[Black "Borriss, Martin"]
[Result "1/2-1/2"]
[WhiteElo "2290"]
[BlackElo "2395"]
[EventDate "1992.03.24"]
[PlyCount "39"]
[Source "John Saunders"]

1.c4 g6 2.e4 Bg7 3.Nc3 d6 4.g3 e5 5.Bg2 Nc6 6.Nge2 f5 7.d3 Nf6 8.Nd5 Nxd5 
9.cxd5 Ne7 10.Be3 O-O 11.Qd2 c6 12.O-O cxd5 13.exd5 f4 14.gxf4 Nf5 15.fxe5
Bxe5 16.d4 Bg7 17.Bg5 Qb6 18.Rad1 Bd7 19.Ng3 Qxd4 20.Nxf5 1/2-1/2

[Event "5th Oakham Young Masters"]
[Site "Oakham ENG"]
[Date "1992.03.27"]
[Round "4"]
[White "Turner, Matthew"]
[Black "Grigore, George-Gabriel"]
[Result "1-0"]
[WhiteElo "2250"]
[BlackElo "2430"]
[EventDate "1992.03.24"]
[PlyCount "101"]
[Source "John Saunders"]

1.e4 c6 2.c4 e5 3.Nf3 d6 4.Nc3 Nf6 5.d4 Nbd7 6.Be2 Be7 7.O-O O-O 8.Qc2 a6 
9.Rd1 Qc7 10.Bg5 h6 11.Bh4 Re8 12.h3 Nf8 13.Bg3 Nh5 14.Bh2 Nf4 15.Bf1 N8g6
16.Ne2 Bf6 17.Rac1 Ne6 18.d5 Ng5 19.Nd2 Bd7 20.Qb3 c5 21.Nc3 Reb8 22.a4 
Bd8 23.Qc2 Qc8 24.Nb3 f5 25.exf5 Bxf5 26.Bd3 Nh4 27.Bxf5 Nxf5 28.f4 Ne3 
29.Qg6 exf4 30.Re1 Bf6 31.Bxf4 Nxc4 32.Ne4 Nxe4 33.Rxc4 Ng5 34.Bxd6 b5 35.
Rxc5 Qd7 36.Bxb8 Rxb8 37.axb5 axb5 38.Qd3 Qa7 39.Kh1 Qa4 40.Rec1 Bxb2 41.
Rc8+ Rxc8 42.Rxc8+ Kf7 43.Rc7+ Kg8 44.Qg6 Qa8 45.Qc6 Qa4 46.Rc8+ Kf7 47.
Qe8+ Kf6 48.Rc6+ Kf5 49.Qd7+ Kf4 50.Qg4+ Ke3 51.Qg3+ 1-0

[Event "5th Oakham Young Masters"]
[Site "Oakham ENG"]
[Date "1992.03.27"]
[Round "4"]
[White "Hsu Li Yang"]
[Black "Kumaran, Dharshan"]
[Result "1-0"]
[WhiteElo "2290"]
[BlackElo "2375"]
[EventDate "1992.03.24"]
[PlyCount "97"]
[Source "John Saunders"]

1.d4 Nf6 2.Nf3 c5 3.d5 b5 4.c4 b4 5.Nbd2 g6 6.e4 d6 7.h3 Bg7 8.Be2 O-O 9.
O-O a5 10.Ne1 e6 11.Qc2 Re8 12.Bd3 Nbd7 13.Nef3 a4 14.Rb1 e5 15.Re1 Nh5 
16.Nf1 Nf4 17.Ng3 Rf8 18.Bf1 Nb6 19.Bd2 Ra7 20.Kh2 Qf6 21.Ng1 Bd7 22.Be3 
Qh4 23.Nf3 Qh6 24.Qc1 a3 25.bxa3 Rxa3 26.Qxa3 bxa3 27.Rxb6 f5 28.Rxd6 fxe4
29.Ng1 Bc8 30.Nxe4 Bf5 31.Nxc5 Qh5 32.Bxf4 exf4 33.Ne6 Bxe6 34.Rdxe6 Qh4 
35.Nf3 Qxf2 36.d6 Qxa2 37.d7 Qb2 38.Re8 Bf6 39.c5 Qc3 40.R1e6 a2 41.Rxf6 
Qxf6 42.Bc4+ Kg7 43.Bxa2 g5 44.Be6 h5 45.d8=Q Qxd8 46.Rxd8 Rxd8 47.c6 g4 
48.hxg4 hxg4 49.Bxg4 1-0

[Event "5th Oakham Young Masters"]
[Site "Oakham ENG"]
[Date "1992.03.27"]
[Round "4"]
[White "Waitzkin, Joshua"]
[Black "Webster, Andrew"]
[Result "0-1"]
[WhiteElo "2290"]
[BlackElo "2350"]
[EventDate "1992.03.24"]
[PlyCount "108"]
[Source "John Saunders"]

1.e4 g6 2.d4 d6 3.Nf3 Bg7 4.Bd3 e5 5.dxe5 dxe5 6.O-O Nc6 7.c3 Nf6 8.Qe2 
O-O 9.a4 Nh5 10.Bc4 Bg4 11.h3 Bd7 12.Rd1 Qe7 13.Na3 Na5 14.Qc2 Nxc4 15.
Nxc4 Rad8 16.Bg5 f6 17.Be3 b6 18.a5 Qf7 19.Ncd2 Be6 20.c4 Nf4 21.c5 b5 22.
c6 a6 23.Bc5 Rfe8 24.Ra3 Bf8 25.Re3 Bxc5 26.Qxc5 Qe7 27.Qc2 Rd6 28.g3 
Nxh3+ 29.Kg2 Red8 30.Rc1 Ng5 31.Qc5 Nf7 32.Qa7 Bc8 33.Nb3 Kg7 34.Rec3 h5 
35.R1c2 g5 36.Rc1 Kg6 37.Rh1 Re8 38.Rc2 Nd8 39.Rhc1 Ne6 40.Nc5 Nxc5 41.
Qxc5 Qe6 42.Rh1 Red8 43.Rcc1 h4 44.Nxh4+ gxh4 45.Rxh4 Rg8 46.Rch1 Rxc6 47.
Qe3 Kf7 48.Rh8 Qg4 49.R8h7+ Ke6 50.Qd3 Rc5 51.b4 Rd8 52.Qxd8 Qxe4+ 53.Kh2 
Qxh7+ 54.Kg2 Bb7+ 0-1

[Event "5th Oakham Young Masters"]
[Site "Oakham ENG"]
[Date "1992.03.27"]
[Round "4"]
[White "Chabanon, Jean-Luc"]
[Black "Martinidesz, Denes"]
[Result "1-0"]
[WhiteElo "2410"]
[BlackElo "2215"]
[EventDate "1992.03.24"]
[PlyCount "57"]
[Source "John Saunders"]

1.d4 Nf6 2.c4 c5 3.d5 e5 4.Nc3 d6 5.e4 g6 6.Nf3 Bg7 7.Be2 Na6 8.O-O O-O 9.
Ne1 Nc7 10.a3 Bd7 11.b4 b6 12.Nd3 Qe7 13.bxc5 dxc5 14.f4 Nfe8 15.fxe5 Bxe5
16.Nxe5 Qxe5 17.Qd3 f6 18.Bf4 Qd4+ 19.Qxd4 cxd4 20.Na2 Ba4 21.e5 fxe5 22.
Bxe5 Na6 23.Rxf8+ Kxf8 24.d6 Rd8 25.Rf1+ Kg8 26.Bf3 h5 27.Bd5+ Kh7 28.Rf8 
Kh6 29.h4 1-0

[Event "5th Oakham Young Masters"]
[Site "Oakham ENG"]
[Date "1992.03.27"]
[Round "4"]
[White "Buckley, Graeme"]
[Black "Galliamova, Alisa"]
[Result "0-1"]
[WhiteElo "2205"]
[BlackElo "2410"]
[EventDate "1992.03.24"]
[PlyCount "80"]
[Source "John Saunders"]

1.d4 Nf6 2.c4 e6 3.Nc3 Bb4 4.e3 b6 5.Bd3 Bb7 6.Nf3 Ne4 7.O-O Nxc3 8.bxc3 
Bxc3 9.Rb1 Ba5 10.e4 Nc6 11.e5 Nb4 12.Bg5 Qc8 13.d5 exd5 14.Nd4 h6 15.Bh4 
g5 16.Bg3 Ba6 17.f4 Qb7 18.Nb3 dxc4 19.Nxa5 bxa5 20.Be2 c3 21.e6 fxe6 22.
Bxa6 Qxa6 23.Qh5+ Kd8 24.fxg5 Qd3 25.g6 c2 26.Rbc1 Rg8 27.Qxa5 Nd5 28.Kh1 
Rb8 29.g7 Rb1 30.Bh4+ Kc8 31.Qe1 Rxc1 32.Qxc1 Rxg7 33.Rf8+ Kb7 34.h3 Qd1+ 
35.Rf1 Ne3 36.Qb2+ Kc8 37.Rxd1 cxd1=Q+ 38.Kh2 Rxg2+ 39.Qxg2 Nxg2 40.Kxg2 
d6 0-1

[Event "5th Oakham Young Masters"]
[Site "Oakham ENG"]
[Date "1992.03.27"]
[Round "4"]
[White "Khurtsidze, Nino"]
[Black "Kogan, Artur"]
[Result "1-0"]
[WhiteElo "2220"]
[BlackElo "2370"]
[EventDate "1992.03.24"]
[PlyCount "48"]
[Source "John Saunders"]

1.Nf3 e6 2.d4 Nf6 3.g3 c5 4.Bg2 Nc6 5.O-O b5 6.a4 b4 7.c4 bxc3 8.bxc3 d5 
9.c4 Ba6 10.Na3 Rc8 11.cxd5 Nxd5 12.Bb2 c4 13.Nb5 Bb4 14.e4 Nf6 15.d5 exd5
16.exd5 Qxd5 17.Nfd4 Qc5 18.Nxc6 c3 19.Nxb4 cxb2 20.Qe2+ Kf8 21.Qxb2 Bxb5 
22.axb5 Qxb5 23.Rxa7 Rb8 24.Qa2 Qxf1+ 1-0

[Event "5th Oakham Young Masters"]
[Site "Oakham ENG"]
[Date "1992.03.27"]
[Round "4"]
[White "Cullip, Stephen"]
[Black "Le Quang Kim"]
[Result "1-0"]
[WhiteElo "2320"]
[BlackElo "2250"]
[EventDate "1992.03.24"]
[PlyCount "137"]
[Source "John Saunders"]

1.e4 c5 2.Nf3 d6 3.d4 cxd4 4.Nxd4 Nf6 5.Nc3 a6 6.Bg5 e6 7.f4 Qc7 8.Bxf6 
gxf6 9.f5 Qc5 10.Qd3 Nc6 11.Nb3 Qe5 12.O-O-O Bd7 13.g3 O-O-O 14.Kb1 Kb8 
15.Qe3 Rc8 16.Qb6 Ka8 17.Be2 h5 18.Qf2 Na7 19.Nd4 Be7 20.Rhf1 Qa5 21.Qe3 
Qc5 22.Qd2 h4 23.Bg4 hxg3 24.hxg3 Qe5 25.Qf4 Rcg8 26.fxe6 Bxe6 27.Bxe6 
fxe6 28.Qxe5 fxe5 29.Nxe6 Rh6 30.Nc7+ Kb8 31.N7d5 Bd8 32.Ne3 Nc8 33.Nf5 
Rhg6 34.Nd5 Rg4 35.Nh6 Rxg3 36.Nxg8 Rxg8 37.Rg1 Rf8 38.Rdf1 Rh8 39.Rg4 Nb6
40.Nxb6 Bxb6 41.c3 Rh2 42.Rf7 Ka7 43.Rgg7 a5 44.Rxb7+ Ka6 45.Rbd7 Bc5 46.
a3 a4 47.Rd8 Kb5 48.Ka2 Rh4 49.Rb8+ Kc6 50.Rbg8 Rxe4 51.Rg4 Kd5 52.R8g6 
Rf4 53.Rxf4 exf4 54.Kb1 f3 55.Kc2 f2 56.Rf6 Kc4 57.Rf4+ Kb5 58.Kd3 Kc6 59.
Ke2 Kb5 60.Kf1 Be3 61.Rb4+ Ka5 62.c4 Bd4 63.Ke2 Be3 64.Rb5+ Ka6 65.Rd5 Bc5
66.Rxc5 f1=Q+ 67.Kxf1 dxc5 68.Kf2 Kb6 69.Kf3 1-0

[Event "5th Oakham Young Masters"]
[Site "Oakham ENG"]
[Date "1992.03.27"]
[Round "4"]
[White "Relange, Eloi"]
[Black "Beckett, Roger"]
[Result "1-0"]
[WhiteElo "2275"]
[BlackElo "2205"]
[EventDate "1992.03.24"]
[PlyCount "81"]
[Source "John Saunders"]

1.e4 c5 2.Nc3 e6 3.g3 Nc6 4.Bg2 g6 5.d3 Bg7 6.Be3 d6 7.f4 Nge7 8.Nf3 O-O 
9.O-O Rb8 10.Bf2 b5 11.e5 dxe5 12.fxe5 Nxe5 13.Nxe5 Bxe5 14.Bxc5 Bd4+ 15.
Bxd4 Qxd4+ 16.Kh1 Nf5 17.Rf4 Qb6 18.Qd2 Qe3 19.Rd1 Rd8 20.g4 Qxd2 21.Rxd2 
Nd6 22.Ne4 e5 23.Nf6+ Kg7 24.Rf1 Ne8 25.g5 Bf5 26.Be4 Nd6 27.Bxf5 Nxf5 28.
Re1 Nd4 29.Rf2 Rbc8 30.Rxe5 Nf5 31.Rxb5 Ne3 32.h4 Rd4 33.Ne4 Rxc2 34.Rxc2 
Nxc2 35.Rb8 f5 36.gxf6+ Kf7 37.Rb7+ Kf8 38.Nc5 Rxh4+ 39.Kg2 Rg4+ 40.Kh2 
Nd4 41.Nd7+ 1-0

[Event "5th Oakham Young Masters"]
[Site "Oakham ENG"]
[Date "1992.03.27"]
[Round "4"]
[White "Piper, Matthew"]
[Black "Ong Chong Ghee"]
[Result "1/2-1/2"]
[WhiteElo "2275"]
[BlackElo "2205"]
[EventDate "1992.03.24"]
[PlyCount "83"]
[Source "John Saunders"]

1.e4 e5 2.Bc4 Nf6 3.d3 Bc5 4.Nf3 d6 5.c3 c6 6.O-O Bb6 7.Re1 Bg4 8.h3 Bh5 
9.Nbd2 Nbd7 10.Nf1 O-O 11.Ng3 Bg6 12.Bb3 Re8 13.Bg5 Qc7 14.Qe2 Nc5 15.Bxf6
gxf6 16.Nh4 Nxb3 17.axb3 Re6 18.Nhf5 Qd8 19.Kh2 Qf8 20.Rf1 Rd8 21.Qg4 Kh8 
22.Qh4 d5 23.Ra4 dxe4 24.Rxe4 Rxd3 25.Re2 Qd8 26.Qh6 Qg8 27.Re4 Bc5 28.Rg4
Qf8 29.Qc1 e4 30.h4 Bd6 31.Nxd6 Qxd6 32.Qh6 Re5 33.Kg1 Rd1 34.Rxd1 Qxd1+ 
35.Kh2 Qd6 36.Kg1 Kg8 37.Nh5 Rxh5 38.Qxh5 Qd1+ 39.Kh2 Qd6+ 40.Kg1 Qd1+ 41.
Kh2 Qd6+ 42.Kg1 1/2-1/2

[Event "5th Oakham Young Masters"]
[Site "Oakham ENG"]
[Date "1992.03.28"]
[Round "5"]
[White "Polak, Tomas"]
[Black "Gdanski, Jacek"]
[Result "0-1"]
[WhiteElo "2410"]
[BlackElo "2435"]
[EventDate "1992.03.24"]
[PlyCount "77"]
[Source "John Saunders"]

1.e4 e6 2.d4 d5 3.Nd2 Nf6 4.e5 Nfd7 5.c3 c5 6.Bd3 Nc6 7.Ne2 Qb6 8.Nf3 cxd4
9.cxd4 f6 10.exf6 Nxf6 11.O-O Bd6 12.Nc3 O-O 13.a3 Bd7 14.Be3 Be8 15.b4 
Bh5 16.Be2 Qd8 17.h3 Rc8 18.Rc1 Bb8 19.Re1 h6 20.g3 a5 21.b5 Ne7 22.g4 
Bxg4 23.hxg4 Nxg4 24.Bd3 Qd6 25.Ne5 Nxe5 26.dxe5 Qxe5 27.f4 Qf6 28.Ne2 
Rxc1 29.Qxc1 Nf5 30.Bxf5 Qxf5 31.Kg2 Qe4+ 32.Kf2 d4 33.Bd2 d3 34.Nc3 Ba7+ 
35.Kg3 Qg6+ 36.Kf3 Qh5+ 37.Kg3 Rf6 38.f5 Qxf5 39.Ne4 0-1

[Event "5th Oakham Young Masters"]
[Site "Oakham ENG"]
[Date "1992.03.28"]
[Round "5"]
[White "Hennigan, Michael"]
[Black "Degraeve, Jean-Marc"]
[Result "0-1"]
[WhiteElo "2375"]
[BlackElo "2470"]
[EventDate "1992.03.24"]
[PlyCount "74"]
[Source "John Saunders"]

1.Nf3 Nf6 2.g3 g6 3.Bg2 Bg7 4.O-O O-O 5.d3 d6 6.e4 c5 7.Nc3 Nc6 8.h3 Rb8 
9.a4 a6 10.Be3 b5 11.axb5 axb5 12.Re1 e5 13.Nd2 b4 14.Ne2 Ne8 15.c3 Qc7 
16.Nc4 f5 17.f4 fxe4 18.dxe4 Be6 19.Qd3 bxc3 20.bxc3 Rb3 21.Nd2 Rb2 22.Nc4
Rb3 23.Nd2 exf4 24.gxf4 Nb4 25.Qb5 Nc2 26.Nxb3 Nxe3 27.Ra8 Qe7 28.Nd2 d5 
29.Bh1 dxe4 30.Bxe4 Qh4 31.Nf3 Qxh3 32.Nh2 Nd6 33.Rxf8+ Bxf8 34.Qd3 Nxe4 
35.Qxe4 Bd5 36.Qxd5+ Nxd5 37.Rf1 Nxc3 0-1

[Event "5th Oakham Young Masters"]
[Site "Oakham ENG"]
[Date "1992.03.28"]
[Round "5"]
[White "Svidler, Peter"]
[Black "Sjodahl, Pontus"]
[Result "1-0"]
[WhiteElo "2465"]
[BlackElo "2345"]
[EventDate "1992.03.24"]
[PlyCount "81"]
[Source "John Saunders"]

1.d4 Nf6 2.Nf3 g6 3.Bg5 Bg7 4.c3 O-O 5.Nbd2 d5 6.e3 Nbd7 7.h3 b6 8.Bf4 Bb7
9.Be2 Ne4 10.O-O c5 11.Bh2 Re8 12.Nxe4 dxe4 13.Nd2 e5 14.Nc4 Qe7 15.d5 
Rad8 16.Na3 Nf6 17.c4 h5 18.Nb5 a6 19.Nc3 Bc8 20.a3 Bf5 21.Rb1 a5 22.b4 
cxb4 23.axb4 axb4 24.Na2 Bf8 25.Nxb4 Bd7 26.Qb3 Qd6 27.Rfc1 Ra8 28.Qc3 Qc7
29.c5 Qxc5 30.Bxe5 Qxc3 31.Bxc3 Bxb4 32.Bxf6 Bc5 33.g4 Ra2 34.Bc4 Ra4 35.
gxh5 Kh7 36.d6 Rxc4 37.Rxc4 Re6 38.hxg6+ Kxg6 39.Bd4 Rxd6 40.Bxc5 bxc5 41.
Kh2 1-0

[Event "5th Oakham Young Masters"]
[Site "Oakham ENG"]
[Date "1992.03.28"]
[Round "5"]
[White "Ulybin, Mikhail"]
[Black "Khurtsidze, Nino"]
[Result "1-0"]
[WhiteElo "2585"]
[BlackElo "2220"]
[EventDate "1992.03.24"]
[PlyCount "67"]
[Source "John Saunders"]

1.e4 c5 2.Nf3 e6 3.d4 cxd4 4.Nxd4 Nf6 5.Nc3 d6 6.f4 a6 7.Qf3 Qb6 8.Nb3 Qc7
9.g4 b5 10.Bd3 Bb7 11.g5 Nfd7 12.Qh3 g6 13.Rf1 b4 14.Ne2 Nc6 15.f5 gxf5 
16.exf5 e5 17.f6 O-O-O 18.Qh5 Nb6 19.Be3 d5 20.Bf5+ Kb8 21.Bxb6 Qxb6 22.
O-O-O a5 23.Kb1 Ba6 24.Nbc1 Qb7 25.g6 fxg6 26.Bxg6 Bc5 27.Bd3 Be3 28.Bxa6 
Qxa6 29.Ng3 Bxc1 30.Kxc1 Qc4 31.Kb1 Ka8 32.f7 e4 33.b3 Qb5 34.Nxe4 1-0

[Event "5th Oakham Young Masters"]
[Site "Oakham ENG"]
[Date "1992.03.28"]
[Round "5"]
[White "Har-Zvi, Ronen"]
[Black "Jirovsky, Milos"]
[Result "1-0"]
[WhiteElo "2350"]
[BlackElo "2425"]
[EventDate "1992.03.24"]
[PlyCount "59"]
[Source "John Saunders"]

1.c4 Nf6 2.Nc3 e6 3.e4 d5 4.e5 Ne4 5.Nxe4 dxe4 6.Qg4 Bd7 7.Qxe4 Bc6 8.Qe3 
Na6 9.d4 Nb4 10.Kd2 Qh4 11.a3 O-O-O 12.Ne2 Ba4 13.b3 Bxb3 14.Qxb3 Rxd4+ 
15.Nxd4 Qxd4+ 16.Ke2 Qxa1 17.axb4 Qxc1 18.g3 Qa1 19.f4 Be7 20.Bg2 Qa6 21.
Rd1 Qb6 22.Qa4 c6 23.c5 Qb5+ 24.Qxb5 cxb5 25.Bxb7+ Kc7 26.Bf3 Bd8 27.c6 
Rf8 28.Rd7+ Kb8 29.Rb7+ Kc8 30.Rxa7 1-0

[Event "5th Oakham Young Masters"]
[Site "Oakham ENG"]
[Date "1992.03.28"]
[Round "5"]
[White "Reinderman, Dimitri"]
[Black "Gokhale, Jayant Suresh"]
[Result "1-0"]
[WhiteElo "2420"]
[BlackElo "2325"]
[EventDate "1992.03.24"]
[PlyCount "83"]
[Source "John Saunders"]

1.e4 e6 2.Nf3 d5 3.e5 c5 4.b4 cxb4 5.a3 Nc6 6.axb4 Nxb4 7.c3 Nc6 8.d4 f6 
9.Bd3 fxe5 10.Nxe5 Nxe5 11.dxe5 Ne7 12.Bg5 Qc7 13.Qe2 Ng6 14.f4 Bc5 15.h4 
Ne7 16.Qh5+ g6 17.Qf3 Nc6 18.Bf6 Rg8 19.g4 d4 20.c4 Nb4 21.Nd2 Bd7 22.O-O 
Bc6 23.Be4 Be7 24.Bxc6+ Nxc6 25.Ne4 O-O-O 26.Bxe7 Qxe7 27.Rfb1 Rgf8 28.Qg3
d3 29.c5 Nd4 30.Nd6+ Rxd6 31.cxd6 Ne2+ 32.Kh2 Qd8 33.Rxa7 Nxg3 34.Ra8+ Kd7
35.Rxd8+ Rxd8 36.Kxg3 Ra8 37.Kf3 Kc6 38.Rc1+ Kd5 39.Ke3 d2 40.Kxd2 Ke4 41.
Rc4+ Kf3 42.f5 1-0

[Event "5th Oakham Young Masters"]
[Site "Oakham ENG"]
[Date "1992.03.28"]
[Round "5"]
[White "Collinson, Adam"]
[Black "Bus, Mariusz"]
[Result "1/2-1/2"]
[WhiteElo "2335"]
[BlackElo "2390"]
[EventDate "1992.03.24"]
[PlyCount "84"]
[Source "John Saunders"]

1.e4 e6 2.d4 d5 3.Nd2 c5 4.exd5 Qxd5 5.Ngf3 cxd4 6.Bc4 Qd6 7.O-O Nf6 8.Nb3
Nc6 9.Nbxd4 Nxd4 10.Nxd4 Bd7 11.c3 Qc7 12.Qe2 Bd6 13.Nb5 Bxb5 14.Bxb5+ Ke7
15.g3 h5 16.Bg5 h4 17.Rad1 hxg3 18.hxg3 Qc5 19.Be3 Qf5 20.Rfe1 Rad8 21.
Bxa7 Rh5 22.Bd3 Qh3 23.Qf3 Qh2+ 24.Kf1 Qh1+ 25.Qxh1 Rxh1+ 26.Ke2 Rxe1+ 27.
Kxe1 Ra8 28.Be3 Rxa2 29.Rd2 Ng4 30.Bb6 Ne5 31.Be2 Ra1+ 32.Rd1 Rxd1+ 33.
Kxd1 g5 34.Bd4 Nd7 35.Be3 f6 36.Bf3 b6 37.b4 Bc7 38.Be2 Kd6 39.Kc2 Bd8 40.
f4 gxf4 41.gxf4 f5 42.c4 Bf6 1/2-1/2

[Event "5th Oakham Young Masters"]
[Site "Oakham ENG"]
[Date "1992.03.28"]
[Round "5"]
[White "Hall, Jesper"]
[Black "Prakash, Gurunath B."]
[Result "1-0"]
[WhiteElo "2370"]
[BlackElo "2335"]
[EventDate "1992.03.24"]
[PlyCount "65"]
[Source "John Saunders"]

1.e4 e5 2.Nf3 Nc6 3.Bb5 a6 4.Ba4 Nf6 5.O-O Be7 6.Bxc6 dxc6 7.d3 Qd6 8.Nbd2
Be6 9.b3 Nd7 10.Nc4 Bxc4 11.bxc4 O-O 12.Be3 Nc5 13.Qd2 Ne6 14.Qc3 f6 15.a4
a5 16.Rab1 b6 17.g3 g6 18.d4 exd4 19.Nxd4 Nxd4 20.Bxd4 c5 21.Be3 Rad8 22.
Rbe1 Qc6 23.Bh6 Rf7 24.f4 Rd4 25.f5 Qxa4 26.e5 fxe5 27.fxg6 Rxf1+ 28.Rxf1 
hxg6 29.Qe3 e4 30.Qf4 Kh7 31.Qe5 Bf6 32.Qxf6 Rd7 33.Bc1 1-0

[Event "5th Oakham Young Masters"]
[Site "Oakham ENG"]
[Date "1992.03.28"]
[Round "5"]
[White "Galliamova, Alisa"]
[Black "Hsu Li Yang"]
[Result "1-0"]
[WhiteElo "2410"]
[BlackElo "2290"]
[EventDate "1992.03.24"]
[PlyCount "162"]
[Source "John Saunders"]

1.d4 Nf6 2.c4 e6 3.Nc3 Bb4 4.g3 c5 5.Nf3 O-O 6.Bg2 cxd4 7.Nxd4 d5 8.Qb3 
Bxc3+ 9.Qxc3 e5 10.Nb3 d4 11.Qa5 Qe8 12.O-O Nc6 13.Qc5 Bd7 14.Bg5 Qe6 15.
f4 b6 16.f5 Qe8 17.Qd6 Qb8 18.Qa3 Qd8 19.Nd2 h6 20.Bh4 Rc8 21.Rac1 Qe7 22.
c5 bxc5 23.Ne4 d3 24.Qxd3 Nd4 25.Qe3 Kh7 26.Rf2 Rg8 27.Qa3 Bc6 28.Bxf6 
gxf6 29.Qxc5 Qxc5 30.Nxf6+ Kg7 31.Nh5+ Kh8 32.Rxc5 Bb5 33.Rxe5 Rc1+ 34.Bf1
Rgc8 35.Nf4 R8c2 36.Nd3 Rd1 37.Kg2 Bc6+ 38.e4 Rdd2 39.Rxd2 Rxd2+ 40.Nf2 
Rxb2 41.Bc4 Nxf5 42.Bxf7 Ne3+ 43.Kf3 Rxf2+ 44.Kxe3 Rxf7 45.Re6 Bb7 46.
Rxh6+ Kg7 47.Re6 Bc8 48.Rc6 Bb7 49.Rc4 Kf6 50.h4 Kg6 51.Ra4 Bc8 52.Ra5 Kf6
53.a3 Rg7 54.Kf4 Rg4+ 55.Kf3 Rg7 56.Kf4 a6 57.Rc5 Bd7 58.Rd5 Rf7 59.g4 
Ke6+ 60.Rf5 Rh7 61.h5 Ke7 62.Rg5 Rf7+ 63.Ke5 Rh7 64.Kf4 Be6 65.Rg6 a5 66.
Kg5 Bf7 67.Ra6 Rg7+ 68.Kf4 Be8 69.Rxa5 Bd7 70.Rg5 Rf7+ 71.Kg3 Bc6 72.Rf5 
Rg7 73.h6 Rg8 74.Kf4 Bd7 75.Rg5 Rf8+ 76.Ke5 Rf7 77.Rg6 Rh7 78.g5 Be8 79.
Re6+ Kf8 80.Kf4 Bh5 81.e5 Rf7+ 1-0

[Event "5th Oakham Young Masters"]
[Site "Oakham ENG"]
[Date "1992.03.28"]
[Round "5"]
[White "Volzhin, Alexander"]
[Black "Cullip, Stephen"]
[Result "1-0"]
[WhiteElo "2370"]
[BlackElo "2320"]
[EventDate "1992.03.24"]
[PlyCount "75"]
[Source "John Saunders"]

1.d4 Nf6 2.c4 e6 3.g3 d5 4.Bg2 dxc4 5.Nf3 Nbd7 6.O-O Be7 7.Nbd2 Nb6 8.Qc2 
O-O 9.Nxc4 c5 10.dxc5 Bxc5 11.Nfe5 Qc7 12.Bf4 Nbd5 13.Rac1 b6 14.Nd3 Nxf4 
15.Bxa8 Nxd3 16.Qxd3 Ba6 17.Bg2 Rd8 18.Qb3 b5 19.Ne3 Qb6 20.Rfd1 Rc8 21.
Rc2 h6 22.Kf1 Ne8 23.Rcd2 Nd6 24.Bf3 b4 25.a3 Nb7 26.axb4 Bxb4 27.Rd4 Bc5 
28.Qxb6 Bxb6 29.Ra4 Na5 30.b4 Nc4 31.Rxa6 Bxe3 32.fxe3 Nxe3+ 33.Ke1 Nxd1 
34.Kxd1 Rb8 35.Ra4 Rb6 36.Kc2 f5 37.Kc3 a6 38.e3 1-0